[Event "Gorodets Small Kitezh op"]
[Site "Gorodets"]
[Date "2015.07.30"]
[Round "2"]
[White "Leukhin, Pavel"]
[Black "Savoskin, Vladimir"]
[Result "1-0"]
[WhiteElo "1904"]
[BlackElo "1845"]
[PlyCount "92"]
[EventDate "2015.07.29"]
[EventType "swiss"]
[EventRounds "9"]
[EventCountry "RUS"]
[SourceTitle "CBM 167 Extra"]
[Source "ChessBase"]
[SourceDate "2015.09.14"]
[SourceVersion "1"]
[SourceVersionDate "2015.09.14"]
[SourceQuality "1"]

1. e4 c5 2. Nf3 Nc6 3. Bc4 e6 4. 0-0 a6 5. d4 cxd4 6. Nxd4 Ne5 7. Bb3 Nf6 8. Nc3 Bb4 9. Bg5 h6 10. Bh4 Ng6 11. Bxf6 Qxf6 12. Nce2 0-0 13. f4 Bc5 14. c3 b5 15. Kh1 Bb7 16. Bc2 Qe7 17. Ng3 f5 18. Qh5 Nh4 19. Bb3 Bxd4 20. cxd4 fxe4 21. f5 e3 22. d5 Bxd5 23. Bxd5 exd5 24. f6 Rxf6 25. Qxd5+ Kh7 26. Rxf6 Qxf6 27. Qxa8 Qxb2 28. Re1 Qxa2 29. Qe4+ Ng6 30. h4 Qf2 31. Rxe3 d5 32. Qd3 h5 33. Qe2 Qxe2 34. Rxe2 Nxh4 35. Re5 Ng6 36. Rxh5+ Kg8 37. Rxd5 Nf4 38. Rf5 Nd3 39. Ne4 Nb4 40. g4 Kh7 41. Kg2 Kg6 42. Kf3 Kh6 43. Re5 Nc2 44. Kf4 b4 45. Nd6 g5+ 46. Rxg5 b3 1-0

[Event "Gorodets-ch"]
[Site "Gorodets"]
[Date "2014.12.20"]
[Round "8"]
[White "Leukhin, Pavel"]
[Black "Kudryashov, Oleg"]
[Result "0-1"]
[WhiteElo "1897"]
[BlackElo "1918"]
[PlyCount "92"]
[EventDate "2014.12.13"]
[EventType "swiss"]
[EventRounds "9"]
[EventCountry "RUS"]
[SourceTitle "CBM 164 Extra"]
[Source "ChessBase"]
[SourceDate "2015.03.02"]
[SourceVersion "1"]
[SourceVersionDate "2015.03.02"]
[SourceQuality "1"]

1. e4 d6 2. d4 g6 3. Nf3 Bg7 4. Bc4 e6 5. Bg5 Ne7 6. Nc3 a6 7. Qd2 b5 8. Bd3 Bb7 9. a4 b4 10. Ne2 a5 11. h4 h6 12. Bb5+ c6 13. Bxe7 Qxe7 14. Bd3 Ba6 15. Bxa6 Nxa6 16. c3 0-0 17. 0-0 Rfd8 18. Rac1 Qe8 19. Nh2 c5 20. f4 Qc6 21. Ng3 bxc3 22. bxc3 cxd4 23. cxd4 Qxa4 24. d5 Qd4+ 25. Qxd4 Bxd4+ 26. Kh1 exd5 27. exd5 Nb4 28. Rcd1 Bf6 29. h5 Bh4 30. Rf3 Re8 31. hxg6 fxg6 32. f5 Kg7 33. fxg6 Bxg3 34. Rxg3 Re5 35. Rf1 Ra7 36. Ng4 Rg5 37. Nxh6 Kxh6 38. Rxg5 Kxg5 39. Rf7 Ra8 40. g7 Rg8 41. Rd7 Kf5 42. Rxd6 Rxg7 43. Rd8 Ra7 44. Kh2 a4 45. d6 a3 46. d7 Ke6 0-1

[Event "Gorodets-ch"]
[Site "Gorodets"]
[Date "2014.12.17"]
[Round "5"]
[White "Leukhin, Pavel"]
[Black "Ryazanov, Vladimir"]
[Result "1/2-1/2"]
[WhiteElo "1897"]
[BlackElo "1953"]
[PlyCount "86"]
[EventDate "2014.12.13"]
[EventType "swiss"]
[EventRounds "9"]
[EventCountry "RUS"]
[SourceTitle "CBM 164 Extra"]
[Source "ChessBase"]
[SourceDate "2015.03.02"]
[SourceVersion "1"]
[SourceVersionDate "2015.03.02"]
[SourceQuality "1"]

1. e4 c6 2. d4 d5 3. Nc3 dxe4 4. Nxe4 Bf5 5. Bd3 Qxd4 6. Nf3 Qd8 7. 0-0 Bxe4 8. Bxe4 Qxd1 9. Rxd1 Nd7 10. Bf4 Ngf6 11. Bd3 e6 12. Rd2 Be7 13. Rad1 h6 14. h3 0-0 15. c3 Nd5 16. Bg3 N7b6 17. a3 Rfd8 18. c4 Nf6 19. Bc7 Re8 20. b4 Rac8 21. Be5 Red8 22. g4 Kf8 23. Kg2 Rd7 24. Bb2 Rcd8 25. Ne5 Rc7 26. f4 Nbd7 27. Nf3 Bd6 28. g5 Nh5 29. gxh6 Nxf4+ 30. Kf1 gxh6 31. Bh7 Be7 32. Ne5 Ke8 33. Nxf7 Kxf7 34. Rf2 Nf6 35. Rxd8 Bxd8 36. Rxf4 Rd7 37. Ke2 Kg7 38. Be4 Rf7 39. Bf3 Bc7 40. Re4 Re7 41. Rg4+ Kf7 42. Rh4 Ng8 43. Bh5+ Kf8 1/2-1/2

[Event "Gorodets op"]
[Site "Gorodets"]
[Date "2012.05.06"]
[Round "9"]
[White "Leukhin, Pavel"]
[Black "Dmitrievsky, Alexander"]
[Result "1-0"]
[WhiteElo "1916"]
[BlackElo "1901"]
[PlyCount "41"]
[EventDate "2012.04.29"]
[EventType "swiss"]
[EventRounds "9"]
[EventCountry "RUS"]
[SourceTitle "CBM 148 Extra"]
[Source "ChessBase"]
[SourceDate "2012.06.22"]
[SourceVersion "1"]
[SourceVersionDate "2012.06.22"]
[SourceQuality "1"]

1. e4 e5 2. Nf3 Nc6 3. Bc4 Nf6 4. Ng5 Bc5 5. Bxf7+ Ke7 6. Bc4 Rf8 7. d3 d6 8. h3 Bxf2+ 9. Kxf2 d5 10. exd5 Nd4 11. Re1 Qd6 12. Kg1 h6 13. Nf3 Nxf3+ 14. Qxf3 Ng4 15. Bf4 Qc5+ 16. Kh1 Nf2+ 17. Kh2 Kd8 18. Rxe5 Qd4 19. Bg5+ Kd7 20. Re7+ Kd6 21. Qxf8 1-0

[Event "Gorodets op"]
[Site "Gorodets"]
[Date "2012.05.01"]
[Round "3"]
[White "Leukhin, Pavel"]
[Black "Levkovich, Vladimir K"]
[Result "1-0"]
[WhiteElo "1916"]
[BlackElo "1813"]
[PlyCount "69"]
[EventDate "2012.04.29"]
[EventType "swiss"]
[EventRounds "9"]
[EventCountry "RUS"]
[SourceTitle "CBM 148 Extra"]
[Source "ChessBase"]
[SourceDate "2012.06.22"]
[SourceVersion "1"]
[SourceVersionDate "2012.06.22"]
[SourceQuality "1"]

1. e4 d6 2. Nf3 e5 3. Bc4 h6 4. 0-0 Nf6 5. Re1 Bg4 6. c3 Nbd7 7. d4 c6 8. Nbd2 Be7 9. Qb3 d5 10. exd5 0-0 11. dxc6 bxc6 12. dxe5 Nc5 13. exf6 Nxb3 14. fxe7 Qd6 15. exf8Q+ Rxf8 16. Bxb3 Qg6 17. Ne5 Qf5 18. Nxg4 Qxg4 19. Nf3 c5 20. Be3 c4 21. Ne5 Qf5 22. Nxc4 a5 23. a4 Rb8 24. Ba2 Qc2 25. Nd6 Rxb2 26. Bxf7+ Kh7 27. Bd4 Qd2 28. h4 Qf4 29. Re6 Rb8 30. Rae1 Rf8 31. g3 Qd2 32. R1e2 Qd1+ 33. Re1 Qxa4 34. Bg6+ Kg8 35. Re8 1-0

[Event "Gorodets-ch"]
[Site "Gorodets"]
[Date "2011.04.16"]
[Round "8"]
[White "Leukhin, Pavel"]
[Black "Konyaev, Anatoly"]
[Result "0-1"]
[WhiteElo "1923"]
[BlackElo "2019"]
[PlyCount "70"]
[EventDate "2011.04.09"]
[EventType "swiss"]
[EventRounds "9"]
[EventCountry "RUS"]
[SourceTitle "CBM 142 Extra"]
[Source "ChessBase"]
[SourceDate "2011.06.27"]
[SourceVersion "1"]
[SourceVersionDate "2011.06.27"]
[SourceQuality "1"]

1. e4 c5 2. Nf3 d6 3. Bc4 Nc6 4. 0-0 Nf6 5. Re1 e6 6. c3 Be7 7. d4 0-0 8. Qc2 e5 9. dxc5 dxc5 10. Na3 Bg4 11. Kh1 Bxf3 12. gxf3 Qc8 13. Rg1 Kh8 14. f4 a6 15. f5 b5 16. Be2 c4 17. Be3 Qb7 18. Rg3 Bxa3 19. bxa3 Ne7 20. Rag1 Nxf5 21. R3g2 Nxe3 22. fxe3 g6 23. Bf3 Rad8 24. Qf2 Rd3 25. Qh4 Kg7 26. Qg5 Qe7 27. h4 h6 28. Qf5 Kh8 29. Qh3 Rxe3 30. h5 Nxh5 31. Rg3 Nxg3+ 32. Rxg3 Kh7 33. Rg4 Rg8 34. Rh4 Qg5 35. Rg4 Qf6 0-1

[Event "Gorodets-ch"]
[Site "Gorodets"]
[Date "2011.04.15"]
[Round "7"]
[White "Kudryashov, Oleg"]
[Black "Leukhin, Pavel"]
[Result "1-0"]
[WhiteElo "1915"]
[BlackElo "1923"]
[PlyCount "91"]
[EventDate "2011.04.09"]
[EventType "swiss"]
[EventRounds "9"]
[EventCountry "RUS"]
[SourceTitle "CBM 142 Extra"]
[Source "ChessBase"]
[SourceDate "2011.06.27"]
[SourceVersion "1"]
[SourceVersionDate "2011.06.27"]
[SourceQuality "1"]

1. e4 e5 2. Nf3 Nc6 3. Bb5 Bc5 4. 0-0 Nge7 5. c3 0-0 6. d4 exd4 7. cxd4 Bb4 8. a3 Ba5 9. Bg5 d5 10. e5 Bg4 11. Be2 h6 12. Bh4 Qd7 13. Bxe7 Nxe7 14. h3 Bh5 15. Nh2 Bg6 16. Bd3 Rac8 17. Nf3 Bh5 18. Be2 c5 19. dxc5 Bc7 20. Nd4 Bg6 21. f4 b6 22. Bb5 Qd8 23. c6 Nf5 24. Nxf5 Bxf5 25. Qd4 Qh4 26. Qxd5 Rcd8 27. Qf3 Rd4 28. Nc3 Bc2 29. Rac1 Bb3 30. Qf2 Qd8 31. Rfe1 f6 32. Qe3 fxe5 33. fxe5 Re8 34. Ne2 Qd5 35. Qxd4 Qxb5 36. Qb4 Qd5 37. Qd4 Qb5 38. Nc3 Qxc6 39. Ne4 Qb7 40. Qc3 Bd5 41. Qxc7 Bxe4 42. Qxb7 Bxb7 43. e6 Re7 44. Rcd1 g5 45. Rd7 Kf8 46. Rf1+ 1-0

[Event "Gorodets-ch"]
[Site "Gorodets"]
[Date "2010.12.06"]
[Round "7"]
[White "Leukhin, Pavel"]
[Black "Kudryashov, Oleg"]
[Result "0-1"]
[WhiteElo "1944"]
[BlackElo "1932"]
[PlyCount "144"]
[EventDate "2010.11.30"]
[EventType "tourn"]
[EventRounds "12"]
[EventCountry "RUS"]
[SourceTitle "EXT 2022"]
[Source "ChessBase"]
[SourceDate "2021.10.06"]
[SourceVersion "1"]
[SourceVersionDate "2021.10.06"]
[SourceQuality "1"]

1. e4 e6 2. d4 d5 3. exd5 Qxd5 4. Nc3 Qd8 5. Nf3 Nf6 6. Bb5+ Bd7 7. 0-0 Be7 8. Re1 0-0 9. Qe2 a6 10. Bc4 Nc6 11. Bg5 Re8 12. Rad1 Nd5 13. Ne4 h6 14. Bd2 Nf6 15. Ng3 Bd6 16. Bb3 a5 17. a3 b5 18. c3 b4 19. axb4 axb4 20. Ne4 Be7 21. c4 Rb8 22. Bf4 Bf8 23. Nxf6+ Qxf6 24. Bxc7 Rbc8 25. Be5 Qe7 26. Qd3 Na5 27. Bc2 g6 28. b3 Qd8 29. d5 exd5 30. Qxd5 Bc6 31. Qxd8 Rexd8 32. Rxd8 Rxd8 33. Bc7 Ra8 34. Nd4 Bb7 35. h3 Nc6 36. Nxc6 Bxc6 37. Be4 Rc8 38. Bf4 Re8 39. f3 Kg7 40. Kf1 Bxe4 41. Rxe4 Rd8 42. Ke2 f5 43. Be5+ Kf7 44. Rd4 Ra8 45. f4 Ra2+ 46. Kf3 Bc5 47. Rd8 Rf2+ 48. Kg3 Be3 49. Bd4 Bxd4 50. Rxd4 Rc2 51. Rd7+ Ke6 52. Rh7 Rc3+ 53. Kh4 Rxb3 54. Rxh6 Kf6 55. Rh8 Rc3 56. Rb8 Rxc4 57. Rb6+ Kf7 58. Kg5 Rc3 59. Rxb4 Rg3+ 60. Kh6 Rxg2 61. Rb7+ Kf6 62. Rg7 Rg3 63. h4 Rg4 64. h5 gxh5 65. Ra7 h4 66. Ra6+ Ke7 67. Kh5 h3 68. Ra2 Rg2 69. Ra3 h2 70. Rh3 Kd6 71. Rd3+ Kc5 72. Rh3 Kd4 0-1

[Event "Gorodets-ch"]
[Site "Gorodets"]
[Date "2009.12.24"]
[Round "12"]
[White "Leukhin, Pavel"]
[Black "Kalugin, Alexander"]
[Result "0-1"]
[WhiteElo "1970"]
[BlackElo "2068"]
[PlyCount "76"]
[EventDate "2009.12.13"]
[EventType "tourn"]
[EventRounds "12"]
[EventCountry "RUS"]
[SourceTitle "EXT 2022"]
[Source "ChessBase"]
[SourceDate "2021.10.06"]
[SourceVersion "1"]
[SourceVersionDate "2021.10.06"]
[SourceQuality "1"]

1. e4 c5 2. Nf3 Nc6 3. Bc4 g6 4. 0-0 Bg7 5. Re1 e5 6. c3 Nge7 7. Ng5 0-0 8. Qf3 Qe8 9. Qg3 h6 10. Nf3 Kh7 11. h4 f5 12. exf5 Nxf5 13. Qh2 d6 14. h5 g5 15. d4 cxd4 16. Nbd2 Qd8 17. Bd5 g4 18. Be4 gxf3 19. g4 Qg5 20. Nxf3 Qxg4+ 21. Kh1 Kh8 22. Bd5 Nfe7 23. Rg1 Qh3 24. Qxh3 Bxh3 25. Bxc6 bxc6 26. Rg3 Bf5 27. Nh4 dxc3 28. bxc3 e4 29. Bb2 Be5 30. Rg2 Rab8 31. Ba3 e3 32. f3 Bd3 33. Rag1 e2 34. Ng6+ Nxg6 35. hxg6 Kg7 36. Bc1 Rxf3 37. Bxh6+ Kxh6 38. g7 Rh3+ 0-1

[Event "Gorodets-ch"]
[Site "Gorodets"]
[Date "2009.12.23"]
[Round "11"]
[White "Ulankov, Andrey"]
[Black "Leukhin, Pavel"]
[Result "1-0"]
[WhiteElo "2024"]
[BlackElo "1970"]
[PlyCount "55"]
[EventDate "2009.12.13"]
[EventType "tourn"]
[EventRounds "12"]
[EventCountry "RUS"]
[SourceTitle "EXT 2022"]
[Source "ChessBase"]
[SourceDate "2021.10.06"]
[SourceVersion "1"]
[SourceVersionDate "2021.10.06"]
[SourceQuality "1"]

1. d4 d5 2. c4 Bf5 3. Qb3 dxc4 4. Qxb7 Nd7 5. Nc3 Rb8 6. Qxa7 e5 7. e4 Be6 8. d5 Bc5 9. Qa4 Bg4 10. Nge2 Rb4 11. Qc2 Ngf6 12. f3 Bh5 13. Ng3 Qb8 14. a3 Rb7 15. Bxc4 0-0 16. b4 Bb6 17. Bb5 Bg6 18. Bc6 Bd4 19. Nge2 Ba7 20. Qa4 Nb6 21. Qa6 Nbxd5 22. Qxb7 Nxc3 23. Qxb8 Rxb8 24. Nxc3 Bd4 25. Bb2 Nh5 26. g3 f5 27. exf5 Bf7 28. Na4 1-0

[Event "Gorodets-ch"]
[Site "Gorodets"]
[Date "2009.12.20"]
[Round "8"]
[White "Leukhin, Pavel"]
[Black "Leukhin, Mikhail"]
[Result "0-1"]
[WhiteElo "1970"]
[BlackElo "2019"]
[PlyCount "68"]
[EventDate "2009.12.13"]
[EventType "tourn"]
[EventRounds "12"]
[EventCountry "RUS"]
[SourceTitle "EXT 2022"]
[Source "ChessBase"]
[SourceDate "2021.10.06"]
[SourceVersion "1"]
[SourceVersionDate "2021.10.06"]
[SourceQuality "1"]

1. e4 e5 2. Nf3 Nc6 3. Bc4 Bc5 4. c3 Nf6 5. d4 exd4 6. cxd4 Bb4+ 7. Nc3 Nxe4 8. 0-0 Bxc3 9. bxc3 d5 10. Re1 0-0 11. Bd3 Nxc3 12. Qc2 Ne4 13. Bxe4 dxe4 14. Qxe4 Bd7 15. d5 Na5 16. Bg5 f6 17. Bd2 c6 18. d6 b5 19. Qb4 Nc4 20. Re7 Bg4 21. Bf4 Bxf3 22. gxf3 Nb6 23. Qe4 Nd5 24. Bh6 Rf7 25. Rxf7 Kxf7 26. Bf4 Qd7 27. Rd1 Re8 28. Qd4 g5 29. Bg3 h5 30. h3 Re6 31. Qd3 Kg7 32. Kg2 a5 33. Qf5 Rxd6 34. Qc2 Ne3+ 0-1

[Event "Gorodets-ch"]
[Site "Gorodets"]
[Date "2009.01.14"]
[Round "13"]
[White "Leukhin, Pavel"]
[Black "Kalugin, Alexander"]
[Result "1/2-1/2"]
[WhiteElo "1999"]
[BlackElo "2016"]
[PlyCount "74"]
[EventDate "2009.01.02"]
[EventType "tourn"]
[EventRounds "13"]
[EventCountry "RUS"]
[SourceTitle "EXT 2022"]
[Source "ChessBase"]
[SourceDate "2021.10.06"]
[SourceVersion "1"]
[SourceVersionDate "2021.10.06"]
[SourceQuality "1"]

1. e4 e6 2. d4 d5 3. exd5 exd5 4. Nf3 Nf6 5. Bd3 Bd6 6. Qe2+ Qe7 7. Qxe7+ Bxe7 8. 0-0 0-0 9. Re1 Be6 10. Ne5 Nbd7 11. Nxd7 Nxd7 12. Bf4 c6 13. Nd2 Rfe8 14. Bg3 Nf6 15. f4 Bd6 16. Nf3 Nh5 17. Kf2 Nxg3 18. hxg3 f6 19. Re2 Bg4 20. Rae1 Kf7 21. Rxe8 Rxe8 22. Rxe8 Kxe8 23. Bxh7 Bxf3 24. Kxf3 Kf7 25. Bd3 g5 26. Kg4 gxf4 27. gxf4 Be7 28. Kf5 Bd8 29. g4 Bb6 30. c3 c5 31. dxc5 Bxc5 32. g5 fxg5 33. fxg5 Be3 34. g6+ Kg7 35. Ke5 Bc1 36. b3 Bb2 37. Kxd5 Bxc3 1/2-1/2

[Event "Nizhnij Novgorod Region-ch op"]
[Site "Nizhnij Novgorod"]
[Date "2008.10.??"]
[Round "5"]
[White "Lukin, Evgeny"]
[Black "Leukhin, Pavel"]
[Result "1-0"]
[WhiteElo "2250"]
[BlackElo "2020"]
[PlyCount "113"]
[EventDate "2008.10.04"]
[EventType "swiss"]
[EventRounds "9"]
[EventCountry "RUS"]
[SourceTitle "EXT 2022"]
[Source "ChessBase"]
[SourceDate "2021.10.06"]
[SourceVersion "1"]
[SourceVersionDate "2021.10.06"]
[SourceQuality "1"]

1. d4 d5 2. Nf3 Bf5 3. c4 e6 4. Nc3 Nf6 5. e3 Be7 6. Qb3 b6 7. cxd5 exd5 8. Ne5 0-0 9. Be2 c6 10. Qa4 Qc7 11. Bd2 Bd6 12. Nf3 Nbd7 13. Rc1 Rac8 14. h3 Qb8 15. Nh4 b5 16. Qd1 Be6 17. Bd3 Nb6 18. b3 Rc7 19. Nf5 Ba3 20. Rc2 Qc8 21. Qf3 Re8 22. 0-0 Bf8 23. Rfc1 a6 24. Ng3 Ba3 25. Rd1 Bd6 26. Nce2 Rce7 27. Ba5 Rb7 28. Nf4 Rf8 29. Nfh5 Nbd7 30. Rdc1 c5 31. Nxf6+ Nxf6 32. dxc5 Bc7 33. Bc3 Bd8 34. Nf5 Bxf5 35. Bxf5 Qc6 36. Bd4 Re8 37. Qg3 g6 38. Bd3 Re6 39. h4 Rbe7 40. Bf5 Ne4 41. Bxe4 dxe4 42. Rd2 Re8 43. Rcd1 a5 44. a4 bxa4 45. bxa4 Bc7 46. Qg4 f5 47. Qg5 Bd8 48. Qh6 R6e7 49. Bf6 Qxf6 50. Rxd8 Qc3 51. Rxe8+ Rxe8 52. Rd7 Qa1+ 53. Kh2 Qe5+ 54. Qf4 Qxf4+ 55. exf4 e3 56. fxe3 Rxe3 57. c6 1-0